ব্যবহারিক শব্দকোষ : (Record no. 11037)
[ view plain ]
| 000 -LEADER | |
|---|---|
| fixed length control field | 00977nam a2200241 a 4500 |
| 001 - CONTROL NUMBER | |
| JCCL Control Number | 11037 |
| 003 - CONTROL NUMBER IDENTIFIER | |
| JCCL marc code | BD-JhCC |
| 005 - DATE AND TIME OF LATEST TRANSACTION | |
| control field | 20190727142635.0 |
| 008 - FIXED-LENGTH DATA ELEMENTS--GENERAL INFORMATION | |
| fixed length control field | 190627s2008 bg |||| |||| 000 0 mul d |
| 020 ## - INTERNATIONAL STANDARD BOOK NUMBER | |
| International Standard Book Number | 9848420886 |
| 035 ## - SYSTEM CONTROL NUMBER | |
| system control number | (BD-JhCC)11037 |
| 040 ## - CATALOGING SOURCE | |
| Original cataloging agency | BD-JhCC |
| Modifying agency | BD-JhCC |
| 041 ## - LANGUAGE CODE | |
| Language code of Book | eng and ben |
| 082 ## - DEWEY DECIMAL CLASSIFICATION NUMBER | |
| Classification number | 428.1 |
| Author mark and Year | BAB 2008 |
| 245 ## - TITLE STATEMENT | |
| Title | ব্যবহারিক শব্দকোষ : |
| Remainder of title | বাংলা ইংরেজি বাংলা / |
| Statement of responsibility, etc | সম্পাদনায় সিরাজুল ইসলাম চৌধুরী ...[et al.] এবং সংকলক রিয়াজ আহমেদ |
| 250 ## - EDITION STATEMENT | |
| Edition statement | ২য় সংস্করণ. |
| 260 ## - PUBLICATION, DISTRIBUTION, ETC. (IMPRINT) | |
| Place of publication, distribution, etc | ঢাকা : |
| Name of publisher, distributor, etc | সাহিত্য বিলাস, |
| Date of publication, distribution, etc | ২০০৮. |
| 300 ## - PHYSICAL DESCRIPTION | |
| Pagination | 299 p. : |
| Dimensions | 21 cm. |
| 650 ## - SUBJECT ADDED ENTRY--TOPICAL TERM | |
| Topical term or geographic name as entry element | Synonyms |
| Form subdivision | Bengali and English |
| 700 ## - ADDED ENTRY--PERSONAL NAME | |
| Personal name | চৌধুরী, সিরাজুল ইসলাম |
| 700 ## - ADDED ENTRY--PERSONAL NAME | |
| Personal name | আহমেদ, রিয়াজ |
| 942 ## - ADDED ENTRY ELEMENTS (KOHA) | |
| Source of classification or shelving scheme | Dewey Decimal Classification |
| Koha item type | Books |
| Source of classification or shelving scheme | Damaged status | Not for loan | Home library | Current library | Shelving location | Date of accession | Cost, normal purchase price | Total Checkouts | Full call number | Barcode | Date last seen | Copy number | Koha item type |
|---|---|---|---|---|---|---|---|---|---|---|---|---|---|
| Dewey Decimal Classification | JCC Rouf Library | JCC Rouf Library | General Stacks | 06/27/2019 | 250.00 | 428.1 BAB 2008 | 15106 | 07/27/2019 | C-1 | Books |